Fr. Conceicao Rodrigues College of Engineering

Wireless and mobile network architecture (Record no. 20735)

MARC details
000 -LEADER
fixed length control field 00362nam a2200157Ia 4500
082 ## - DEWEY DECIMAL CLASSIFICATION NUMBER
Classification number 5.74
Item number LIN
100 ## - MAIN ENTRY--PERSONAL NAME
Personal name Lin/Yi-Bang/ Chlamtac/I
245 ## - TITLE STATEMENT
Title Wireless and mobile network architecture
260 ## - PUBLICATION, DISTRIBUTION, ETC.
Name of publisher, distributor, etc. Wiley India
Date of publication, distribution, etc. 2001
366 ## - TRADE AVAILABILITY INFORMATION
Publishers's discount category 25
300 ## - PHYSICAL DESCRIPTION
Extent 532
546 ## - LANGUAGE NOTE
Language note ENGLISH
-- TTL
650 ## - SUBJECT ADDED ENTRY--TOPICAL TERM
Topical term or geographic name entry element Wireless and network
654 ## - SUBJECT ADDED ENTRY--FACETED TOPICAL TERMS
Focus term wireless
942 ## - ADDED ENTRY ELEMENTS (KOHA)
Koha item type BOOK
Holdings
Withdrawn status Lost status Damaged status Not for loan Collection Home library Current library Date acquired Source of acquisition Cost, normal purchase price Inventory number Total Checkouts Full call number Barcode Date last seen Cost, replacement price Price effective from Koha item type
        CRC Fr. Agnel's C.Rodrigues College of Engineering Fr. Agnel's C.Rodrigues College of Engineering 17/03/2023 Allied Publishers 336.75 2222 dt 09/09/2010   5.74 LIN 21003 17/03/2023 449.00   BOOK
        CRC Fr. Agnel's C.Rodrigues College of Engineering Fr. Agnel's C.Rodrigues College of Engineering 17/03/2023 Allied Publishers 336.75 2222 dt 09/09/2010   5.74 LIN 21001 17/03/2023 449.00   BOOK